000 00654nam a2200241Ia 4500
003 OSt
005 20220918212216.0
006 a|||||r|||| 00| 0
007 ta
008 220917b |||||||| |||| 00| 0 eng d
024 _a127,769
037 _cTextual
040 _aARTS
_cARTS
_beng
041 _2eng
_aeng
082 _aW64N19, L8
100 _aJoes A J
_9122921
245 0 _aFascism in the contemporary world
_b Ideology evolution resurgence
260 _aBoulder
_bWestview
_c1978
300 _axvi, 238p.
_ccm.
650 _aPOLITICAL SCIENCE
942 _hW64N19, L8
_cTEXL
_2CC
999 _c250911
_d250911